Statistics for Guess the Taylor Swift Song (no hints) 57

Click here to take the quiz!

General Stats

  • This quiz has been taken 49 times
  • The average score is 318 of 386

Answer Stats

Answer% Correct
I
98%
"I
98%
I"
98%
(a
95%
a
95%
The
95%
the
95%
and
93%
And
93%
is
93%
we
93%
(we
93%
you
93%
you)
93%
You
93%
are
91%
it
91%
of
91%
where
91%
me
88%
no
88%
on
88%
there
88%
your
88%
but
86%
go
86%
go),
86%
in
86%
Know
86%
never
86%
oh
86%
Oh,
86%
(Out
86%
out
86%
that
86%
That
86%
to
86%
"What
86%
when
86%
It's
84%
said,
84%
So
84%
with
84%
been
81%
got
81%
He
81%
"I've
81%
like
81%
say,
81%
style
81%
style,
81%
style)
81%
thing
81%
time
81%
too
81%
back,
79%
back
79%
Can't
79%
can't
79%
classic
79%
come
79%
daydream
79%
down
79%
down,
79%
eye
79%
from
79%
his
79%
just
79%
Just
79%
Long
79%
long
79%
look
79%
off,
79%
off
79%
red
79%
Dean
77%
every
77%
good
77%
hair,
77%
have
77%
home
77%
James
77%
lip
77%
says,
77%
should
77%
tell
77%
times"
77%
T-shirt
77%
us
77%
white
77%
Yeah,
77%
yeah
77%
'bout
74%
'Cause
74%
'cause
74%
each
74%
few
74%
girl"
74%
girl,
74%
girl
74%
little
74%
'round
74%
skirt)
74%
skirt
74%
some
74%
take
74%
Take
74%
up,
74%
while
74%
you've
74%
about
72%
crashing
72%
drive
72%
even
72%
eyes
72%
headlights
72%
heard
72%
(heard
72%
heard,
72%
he's
72%
keep
72%
leave
72%
Midnight
72%
or
72%
pick
72%
road,
72%
since
72%
slicked
72%
stop
72%
thinkin'
72%
tight
72%
true,
72%
Watch
72%
Could
70%
exactly
70%
goes
70%
leads,
70%
other
70%
flames
67%
into
67%
lights
67%
Takes
67%
taking
67%
wild
67%
burning
65%
Fade
65%
faith
65%
paradise
65%
view,
65%
end
63%
coat,
60%
mm,
58%
mm
58%
(now
56%
whoa,
47%

Score Distribution

Percentile by Number Answered

Percent of People with Each Score

Your Score History

You have not taken this quiz